000 00631nam a2200241 i 4500
001 C2-0027562
003 PPAK
005 20190630222007.0
008 970204s1992 enka|||| ||||| | eng d
020 _a0333549783
040 _aPPAK
_beng
_cPPAK
_erda
082 0 4 _a633.18
_223
090 0 0 _a633.18
_bCAT
_dG
090 0 0 _a633.18
_bCAT
_dR
100 1 _aCatling, David,
_eauthor
245 1 0 _aRice in deep water
264 1 _aLondon :
_bMacmillan ,
_c1992
300 _a542 pages :
_billustrations ;
_c25 cm
336 _2rdacontent
_atext
337 _2rdamedia
_aunmediated
338 _2rdacarrier
_avolume
942 _ddc
_cB
999 _c4933
_d4933